| 000 | 01476nam a2200313Ia 4500 | ||
|---|---|---|---|
| 999 |
_c54301 _d54301 |
||
| 001 | 21357 | ||
| 003 | GE_BSU | ||
| 005 | 20210909182500.0 | ||
| 008 | 181216s2017||||ru |||||||||||||| ||rus|| | ||
| 020 | _a9785394027918 | ||
| 040 | _cGE_BSU | ||
| 080 | _a327.7 М-43 | ||
| 245 |
_aМеждународные организации и урегулирование конфликтов : _bУчебное пособие / _cВ. А. Аватков, В. И. Винокуров, С.В. Воробьев и др. ; Ред. Закаурцева Т. А. Каширина Т. В. и др. |
||
| 264 |
_aМосква : _b"Дашков и К", _c2017. |
||
| 300 |
_a187 стр. ; _c22 см. |
||
| 500 | _aБиблиогр. после каждой главы | ||
| 541 | _h30 Л. | ||
| 653 | _aМеждународные организации и урегулирование конфликтов | ||
| 653 | _aПолитика | ||
| 653 | _aპოლიტიკა | ||
| 653 | _aსაერთაშორისო ორგანიზაციები | ||
| 700 |
_aАватков, В. А. _cАвтор _912427 |
||
| 700 |
_aВинокуров, В. И. _cАвтор _912428 |
||
| 700 |
_aВоробьев, С. В. _cАвтор _912429 |
||
| 700 |
_aЗакаурцева, Т.А. _cРедактор _912430 |
||
| 700 |
_aКаширина, Т. В. _cРедактор _912431 |
||
| 710 |
_aДипломатическая академия МИД РФ _912432 |
||
| 942 |
_cBK _2udc |
||